000 00728nam a2200289Ia 4500
008 171025s9999 xx 000 0 und d
020 _a9781595550477
050 _a269.2
050 _bB451 2010
100 _aBelmonte, Kevin
245 _aD.L. Moody /
245 _cby Kevin Charles Belmonte.
260 _aNashville, Tennessee :
260 _bThomas Nelson,
260 _c2010
300 _a193 pages :
300 _billustrations ;
300 _c17cm.
440 _aChristian encounters.
500 _aIncludes appendix.
650 _aEvangelists --
650 _aMoody, Dwight Lyman, --
650 _x1837-1899.
650 _xUnited States -- Biography.
700 _aSeries.
700 _aTitle.
999 _c344803
_d344803